Francisco J. Smythe. 1972-1992 / Veinte años de creatividad
Guardat en:
| Autor principal: | |
|---|---|
| Format: | Desconegut |
| Idioma: | anglès |
| Publicat: |
Santiago, Chile.
Museo Nacional de Bellas Artes,
1992
|
| Matèries: | |
| Etiquetes: |
Afegir etiqueta
Sense etiquetes, Sigues el primer a etiquetar aquest registre!
|
MARC
| LEADER | 00000 a2200000 4500 | ||
|---|---|---|---|
| 003 | CL-VaPUC | ||
| 005 | 20211007111748.0 | ||
| 008 | 200612b ||||| |||| 00| 0 eng d | ||
| 999 | |c 431660 |d 431658 | ||
| 020 | |a 9562491609 | ||
| 040 | |c Pontificia Universidad Católica de Valparaíso | ||
| 082 | |a 759.983 SMY 1992 | ||
| 100 | |a Smythe, Francisco J. |d 1952 |9 856989 | ||
| 245 | |a Francisco J. Smythe. 1972-1992 / Veinte años de creatividad | ||
| 260 | |b Museo Nacional de Bellas Artes, |c 1992 |a Santiago, Chile. | ||
| 300 | |a 103 páginas |b ilustraciones | ||
| 583 | |k Cristina Rojas |c 20200612 | ||
| 600 | 0 | |a Smythe, Francisco J. |d 1952 |9 856989 | |
| 650 | 0 | |a Crítica e interpretación |x Pintores |y Siglo 20 |z Chile |9 856991 | |
| 852 | |a BIBART | ||
| 942 | |2 ddc |c BK | ||
| 952 | |0 0 |1 0 |2 ddc |4 0 |6 759_983000000000000_SMY_1992 |7 0 |8 R |9 576607 |a BIBART |b BIBART |d 2020-06-12 |e 98 |g 89250.00 |i 5576652 |o 759.983 SMY 1992 |p 5576652 |r 2025-03-13 |t 1 |v 89250.00 |w 2020-06-12 |y BK_R |k ART | ||